Theoretical numerical analysis /

Guardado en:
Autor Principal: Wendroff, Burton.
Formato: Libro
Idioma:English
Publicado: New York : Academic Press, c1966.
Materias:
Etiquetas: Agregar Etiqueta
Sin Etiquetas, Sea el primero en etiquetar este registro!
LEADER 00614nam a22001935a 4500
001 MAT.inmabb005082
008 840713s1966####nyu######b####001#0#eng##
005 20130325180334.0
245 1 0 |a Theoretical numerical analysis /  |c Burton Wendroff. 
260 |a New York :  |b Academic Press,  |c c1966. 
300 |a xi, 239 p. ;  |c 24 cm. 
504 |a Incluye referencias bibliográficas (p. 232-235) e índices. 
510 4 |a MR,  |c 33 #5080 
100 1 |a Wendroff, Burton. 
650 0 |a Numerical analysis. 
084 |a 65-01  |2 msc2000 
010 |a  65026414  
040 |a DLC/ICU  |c ICU  |d DLC 
859 |h 65  |i W472  |p A-2521  |b BIB. MATEMATICA